000 00819cam a2200205 i 4500
005 20251124102345.0
008 250721s2010 jo gr 000 0 ara d
082 1 4 _a211.6
_bع م ر
100 1 _aالعمري، أمل شفيق
_eمؤلف.
245 1 2 _aالتوجية النحوي للقراءات القرآنية في التفسير الكبير للإمام الطبراني :
_bدراسة تحليلية تأصيلية /
_cالدكتورة أمل شفيق العمري.
250 _aالطبعة الأولى.
264 3 1 _aعمان :
_bالمؤلف،
_c2010.
300 _a261 صفحة.
650 1 7 _aالقرآن الكريم.
650 1 7 _aتفاسير القرآن.
650 1 7 _aألفاظ القرآن.
650 1 7 _aنحو القرآن.
942 _2ddc
_cBK
999 _c120936
_d120936